000 00563cam a22002053a 4500
001 46089
003 PGUSA
005 20140828084100.0
008 140624s2014||||xxu|||||s|||||000 | eng d
040 _aPGUSA
_beng
042 _adc
100 1 _aJókai, Mór,
_d1825-1904
245 1 0 _aMesék és regék
_h[electronic resource] /
_cMór Jókai
260 _bProject Gutenberg,
_c2014
506 _aPublic domain in the USA.
516 _aElectronic text
830 0 _aProject Gutenberg
_v46089
856 4 0 _uhttp://www.gutenberg.org/ebooks/46089
942 _cEB
999 _c275338
_d275338